00442nmm a2200157Ia 4500008004100000020001800041041000800059100002600067245002600093264005000119300001800169650002200187856005100209942000700260999001700267251105s9999||||xx |||||||||||||||||und|| a9788416418404 aspa aJones Ndjoli, Edjanga 0aHeredarás la tierra a[Madrid, España] :bCarena Editores, c2015 a374 páginas aSpanish narrative uhttps://public.digitaliapublishing.com/a/50640 cCF c77694d77694